|
|
|
|
| LEADER |
02775nam a22003853i 4500 |
| 001 |
EBC6209903 |
| 003 |
MiAaPQ |
| 005 |
20231204023214.0 |
| 006 |
m o d | |
| 007 |
cr cnu|||||||| |
| 008 |
231204s2020 xx o ||||0 ger d |
| 020 |
|
|
|a 9783110692716
|q (electronic bk.)
|
| 035 |
|
|
|a (MiAaPQ)EBC6209903
|
| 035 |
|
|
|a (Au-PeEL)EBL6209903
|
| 035 |
|
|
|a (OCoLC)1158151854
|
| 040 |
|
|
|a MiAaPQ
|b eng
|e rda
|e pn
|c MiAaPQ
|d MiAaPQ
|
| 100 |
1 |
|
|a Pörksen, Uwe.
|
| 245 |
1 |
0 |
|a Zur Geschichte Deutscher Wissenschaftssprachen :
|b Aufsätze, Essays, Vorträge und Die Abhandlung ,,Erkenntnis und Sprache in Goethes Naturwissenschaft.
|
| 250 |
|
|
|a 1st ed.
|
| 264 |
|
1 |
|a Berlin/Boston :
|b Walter de Gruyter GmbH,
|c 2020.
|
| 264 |
|
4 |
|c {copy}2020.
|
| 300 |
|
|
|a 1 online resource (642 pages)
|
| 336 |
|
|
|a text
|b txt
|2 rdacontent
|
| 337 |
|
|
|a computer
|b c
|2 rdamedia
|
| 338 |
|
|
|a online resource
|b cr
|2 rdacarrier
|
| 490 |
1 |
|
|a Lingua Academica Series ;
|v v.5
|
| 505 |
0 |
|
|a Intro -- Inhalt -- Vorwort -- Erkenntnis und Sprache in Goethes Naturwissenschaft [1974] -- Ist die Sprache ein selbständiger Faktor der Wissenschaftsgeschichte? -- Aspekte einer Geschichte der deutschen Naturwissenschaftssprache und ihrer Wechselbeziehung zur Gemeinsprache [1984/1986] -- Der Übergang vom Gelehrtenlatein zur deutschen Wissenschaftssprache -- Paracelsus als wissenschaftlicher Schriftsteller -- Nachwort -- Die Produktivität eines Phantoms -- Brauchen wir eine vergleichende europäische Sprachgeschichte? -- „Alles ist Blatt" -- Zur Metaphorik der naturwissenschaftlichen Sprache -- Nachwort -- Die Metaphorik Darwins und Freuds -- Zur Terminologie der Psychoanalyse [1973] -- Grenzfall der Literatur? -- Wird unser Land zweisprachig? -- Populäre Sachprosa und naturwissenschaftliche Sprache -- Blickprägung und Tatsache -- Visualisierung versus Sprache -- Das Demokratisierungsparadoxon -- Was spricht dafür, das Deutsche als Naturwissenschaftssprache zu erhalten? [2001] -- Wissenschaftssprache - Umgangssprache - Politikberatung -- Literaturverzeichnis -- Drucknachweise -- Sachregister -- Namenregister.
|
| 588 |
|
|
|a Description based on publisher supplied metadata and other sources.
|
| 590 |
|
|
|a Electronic reproduction. Ann Arbor, Michigan : ProQuest Ebook Central, 2023. Available via World Wide Web. Access may be limited to ProQuest Ebook Central affiliated libraries.
|
| 655 |
|
4 |
|a Electronic books.
|
| 700 |
1 |
|
|a Schiewe, Jürgen.
|
| 776 |
0 |
8 |
|i Print version:
|a Pörksen, Uwe
|t Zur Geschichte Deutscher Wissenschaftssprachen
|d Berlin/Boston : Walter de Gruyter GmbH,c2020
|
| 797 |
2 |
|
|a ProQuest (Firm)
|
| 830 |
|
0 |
|a Lingua Academica Series
|
| 856 |
4 |
0 |
|u https://ebookcentral.proquest.com/lib/matrademy/detail.action?docID=6209903
|z Click to View
|